| 000 | 00000nas 2200000zi 4500 |
| 001 | 9.504142 |
| 003 | CaOODSP |
| 005 | 20240104113942 |
| 006 | m o d f |
| 007 | cr ||||||||||| |
| 008 | 150406c20119999oncar p o f0 a0fre|d |
| 040 | |aCaOODSP|bfre |
| 043 | |an-cn--- |
| 086 | 1 |aCC402-3F-PDF |
| 110 | 2 |aAdministration canadienne de la sûreté du transport aérien. |
| 245 | 10|aRapport annuel sur l'application de la Loi sur la protection des renseignements personnels / |cAdministration canadienne de la sûreté du transport aérien. |
| 246 | 3 |aRapport annuel sur la Loi sur la protection des renseignements personnels |
| 264 | 1|a[Ottawa] : |bAdministration canadienne de la sûreté du transport aerien = Canadian Air Transport Security Authority, |c2011- |
| 310 | |aAnnuel |
| 336 | |aTexte|btxt|2rdacontent/fre |
| 337 | |aInformatique|bc|2rdacontent/fre |
| 338 | |aressource en ligne|bcr|2rdacontent/fre |
| 362 | 1 |aParaît depuis 2010/2011. |
| 500 | |aPublié aussi en anglais sous le titre : Annual report on the administration of the Privacy Act / Canadian Air Transport Security Authority. |
| 580 | |aFait suite après scission de : Rapports annuels sur l'application de la Loi sur l'accès à l'information et de la Loi sur la protection des renseignements personnels. |
| 692 | 07|2gccst|aVie privée |
| 775 | 08|tAnnual report on the administration of the Privacy Act / |w(CaOODSP)9.507763 |
| 780 | 00|tRapports annuels sur l'application de la Loi sur l'accès à l'information et de la Loi sur la protection des renseignements personnels |w(CaOODSP)9.804331 |